| 000 | 00000nam##2200000za#4500 |
| 001 | 9.635635 |
| 003 | CaOODSP |
| 005 | 20210624220341 |
| 007 | cr ||||||||||| |
| 008 | 150407|2008||||xxc|||||o f|0| 0 fre|d |
| 020 | |a978-0-662-04593-9 |
| 040 | |aCaOODSP|bfre |
| 043 | |an-cn--- |
| 086 | 1 |aHS28-148/2008F-PDF |
| 110 | 1 |aCanada.|bRessources humaines et Développement des compétences Canada. |bDirection générale de la politique stratégique et de la recherche. |
| 245 | 10|aÉvaluation formative du Programme des affaires du travail liées au commerce international : |h[ressource électronique]|brapport final |
| 260 | |aGatineau - Québec : |bRessources humaines et Développement des compétences Canada. |cMai 2008. |
| 300 | |a62p.|bfigure, tableaux |
| 590 | |a13-05-Supp|b2013-02-27 |
| 775 | 08|tFormative evaluation of the International Trade and Labour Program : |w(CaOODSP)9.691304 |
| 856 | 40|ahttp://publications.gc.ca|qPDF|s502 Ko|uhttps://publications.gc.ca/collections/collection_2013/rhdcc-hrsdc/HS28-148-2008-fra.pdf |
| 986 | |aSP-AH-691-05-08F |